| 000 | 01000cam a2200277 i 4500 | ||
|---|---|---|---|
| 999 |
_c29846 _d29846 |
||
| 001 | 3194618 | ||
| 005 | 20181003092714.0 | ||
| 008 | 780106s1980 nyua j e 001 0 eng | ||
| 050 | 0 | 0 | _bAE 5 .R69 1970 |
| 245 | 1 | 4 | _aThe junior encyclopedia / |
| 260 |
_aSingapore : _bMcGraw-Hill _cc1970. |
||
| 300 |
_aVarious pagings: _bill. ; _c28 cm. |
||
| 520 | _aAn encyclopedia of subjects, including persons, places, events, institutions, foods, and holidays | ||
| 651 | 0 |
_aIsrael _xEncyclopedias _vJuvenile literature. |
|
| 651 | 1 |
_aIsrael _xEncyclopedias. |
|
| 906 |
_a7 _bcbc _corignew _d1 _eocip _f19 _gy-gencatlg |
||
| 942 |
_2lcc _cREF_BOOK _hAE 5 .R69 1970 |
||